[Event "IECG WC.2005.F.00008 email"]
[Site "IECG email"]
[Date "2006.06.05"]
[Round "?"]
[White "Molenhuis, Ties"]
[Black "Farnik, Kym"]
[Result "0-1"]
[WhiteElo "1984"]
[BlackElo "1837"]
[PlyCount "46"]
[EventDate "2006.06.05"]
[EventType "tourn (corr)"]
[EventRounds "14"]
[SourceTitle "Corr 2008"]
[Source "ChessBase"]
[SourceDate "2008.06.24"]
[SourceVersion "1"]
[SourceVersionDate "2008.06.24"]
[SourceQuality "1"]

1. e4 c5 2. Nf3 d6 3. d4 cxd4 4. Nxd4 Nf6 5. Nc3 a6 6. Be3 e6 7. g4 h6 8. Bg2 Nc6 9. h3 Bd7 10. f4 Qc7 11. Qe2 Rc8 12. 0-0-0 b5 13. Nxc6 Bxc6 14. a3 Be7 15. h4 h5 16. gxh5 Nxh5 17. Rh3 Qb7 18. Bf3 Nf6 19. Bd4 a5 20. e5 b4 21. exf6 gxf6 22. Bxc6+ Rxc6 23. axb4 axb4 0-1

[Event "IECG WC.2005.F.00008 email"]
[Site "IECG email"]
[Date "2006.06.05"]
[Round "?"]
[White "Molenhuis, Ties"]
[Black "Keller, Thomas L"]
[Result "0-1"]
[WhiteElo "1984"]
[BlackElo "1911"]
[PlyCount "35"]
[EventDate "2006.06.05"]
[EventType "tourn (corr)"]
[EventRounds "14"]
[SourceTitle "Corr 2008"]
[Source "ChessBase"]
[SourceDate "2008.06.24"]
[SourceVersion "1"]
[SourceVersionDate "2008.06.24"]
[SourceQuality "1"]

1. e4 c5 2. Nf3 d6 3. d4 cxd4 4. Nxd4 Nf6 5. Nc3 a6 6. Be3 e6 7. g4 h6 8. Bg2 Nc6 9. h3 Bd7 10. f4 Be7 11. Qe2 Rc8 12. 0-0-0 0-0 13. Nxc6 Bxc6 14. h4 Kh7 15. g5 Ng8 16. e5 d5 17. Be4+ g6 18. h5 0-1

[Event "IECG WC.2005.F.00008 email"]
[Site "IECG email"]
[Date "2006.06.05"]
[Round "?"]
[White "Molenhuis, Ties"]
[Black "Ottaviani, Mauro"]
[Result "1/2-1/2"]
[WhiteElo "1984"]
[BlackElo "2014"]
[PlyCount "49"]
[EventDate "2006.06.05"]
[EventType "tourn (corr)"]
[EventRounds "14"]
[SourceTitle "Corr 2008"]
[Source "ChessBase"]
[SourceDate "2008.06.24"]
[SourceVersion "1"]
[SourceVersionDate "2008.06.24"]
[SourceQuality "1"]

1. e4 e5 2. Nf3 Nf6 3. Nxe5 d6 4. Nf3 Nxe4 5. d4 d5 6. Bd3 Bd6 7. 0-0 0-0 8. c4 c6 9. cxd5 cxd5 10. Nc3 Nxc3 11. bxc3 Bg4 12. Rb1 Nd7 13. h3 Bh5 14. Rb5 Nb6 15. c4 Bxf3 16. Qxf3 dxc4 17. Bc2 Qd7 18. a4 g6 19. Be3 Rac8 20. Rfb1 c3 21. a5 Nc4 22. Rxb7 Qe6 23. Bb3 Qf5 24. Qxf5 gxf5 25. Rxa7 1/2-1/2

[Event "IECG WC.2005.F.00008 email"]
[Site "IECG email"]
[Date "2006.06.05"]
[Round "?"]
[White "Molenhuis, Ties"]
[Black "Wisham, Clyde"]
[Result "0-1"]
[WhiteElo "1984"]
[BlackElo "1707"]
[PlyCount "56"]
[EventDate "2006.06.05"]
[EventType "tourn (corr)"]
[EventRounds "14"]
[SourceTitle "Corr 2008"]
[Source "ChessBase"]
[SourceDate "2008.06.24"]
[SourceVersion "1"]
[SourceVersionDate "2008.06.24"]
[SourceQuality "1"]

1. e4 e6 2. d4 d5 3. Nd2 Be7 4. Bd3 c5 5. dxc5 Nf6 6. Qe2 Nc6 7. Ngf3 Nb4 8. Nb3 Nxd3+ 9. cxd3 a5 10. Bg5 a4 11. Nbd2 h6 12. Bxf6 Bxf6 13. e5 Be7 14. Rc1 Qa5 15. Qe3 0-0 16. 0-0 Bd7 17. Rc2 Rfc8 18. Rfc1 Rc7 19. d4 b6 20. Qc3 Qxc3 21. Rxc3 bxc5 22. dxc5 Rac8 23. b4 axb3 24. Nxb3 f6 25. h3 Ba4 26. exf6 gxf6 27. Nfd2 Kf7 28. f4 e5 0-1

[Event "IECG TE.2002.S.01101 email"]
[Site "IECG email"]
[Date "2004.08.08"]
[Round "?"]
[White "Molenhuis, Ties"]
[Black "Hrvacic, Pavle"]
[Result "0-1"]
[WhiteElo "1983"]
[BlackElo "2231"]
[PlyCount "38"]
[EventDate "2004.08.08"]
[EventType "tourn (corr)"]
[EventRounds "8"]
[SourceTitle "Corr 2008"]
[Source "ChessBase"]
[SourceDate "2008.06.24"]
[SourceVersion "1"]
[SourceVersionDate "2008.06.24"]
[SourceQuality "1"]

1. d4 Nf6 2. c4 c5 3. d5 e6 4. Nc3 exd5 5. cxd5 d6 6. Nf3 g6 7. h3 Bg7 8. e4 0-0 9. Bd3 b5 10. Nxb5 Re8 11. 0-0 Nxe4 12. Qa4 a6 13. Bxe4 Bd7 14. Bd3 Qb6 15. Ng5 axb5 16. Qh4 h6 17. Nf3 Qd8 18. Qxd8 Rxd8 19. Rd1 Na6 0-1

[Event "IECG TE.2002.S.01005 email"]
[Site "IECG email"]
[Date "2003.12.27"]
[Round "?"]
[White "Trevis, Robert R"]
[Black "Molenhuis, Ties"]
[Result "0-1"]
[WhiteElo "1501"]
[BlackElo "1976"]
[PlyCount "40"]
[EventDate "2003.12.27"]
[EventType "tourn (corr)"]
[EventRounds "8"]
[SourceTitle "Corr 2008"]
[Source "ChessBase"]
[SourceDate "2008.06.24"]
[SourceVersion "1"]
[SourceVersionDate "2008.06.24"]
[SourceQuality "1"]

1. e4 e5 2. Nf3 Nc6 3. Bb5 Bc5 4. c3 Nf6 5. d4 Bb6 6. Qe2 exd4 7. e5 0-0 8. cxd4 Re8 9. Be3 Ng4 10. 0-0 d6 11. Bxc6 bxc6 12. Nc3 dxe5 13. dxe5 Nxe3 14. fxe3 Bg4 15. h3 Rxe5 16. Nd1 Bxf3 17. Rxf3 Qd7 18. Nf2 Rae8 19. Rd1 Qe6 20. Ng4 Re4 0-1

[Event "IECG CP.2002.Q.00012 email"]
[Site "IECG email"]
[Date "2003.10.01"]
[Round "?"]
[White "Huizer, Mark A"]
[Black "Molenhuis, Ties"]
[Result "1/2-1/2"]
[WhiteElo "1906"]
[BlackElo "2003"]
[PlyCount "86"]
[EventDate "2003.10.01"]
[EventType "tourn (corr)"]
[EventRounds "10"]
[SourceTitle "Corr 2008"]
[Source "ChessBase"]
[SourceDate "2008.06.24"]
[SourceVersion "1"]
[SourceVersionDate "2008.06.24"]
[SourceQuality "1"]

1. e4 e5 2. Bc4 Nf6 3. d3 c6 4. Nf3 Be7 5. 0-0 d6 6. c3 0-0 7. Bb3 Bg4 8. Nbd2 Nbd7 9. Re1 Nc5 10. Bc2 Qc7 11. Nf1 d5 12. h3 dxe4 13. hxg4 exf3 14. Qxf3 Nd5 15. Ne3 Rfd8 16. Nc4 Re8 17. a4 Bf8 18. Qg3 Nd7 19. Qh2 g6 20. g5 Bg7 21. Re4 Rad8 22. Bd2 b5 23. axb5 cxb5 24. Na3 Qc6 25. Rh4 a6 26. Rxh7 Nc5 27. Rh3 Qd7 28. Rd1 Qe7 29. Re1 Qc7 30. Rf3 Nf4 31. d4 Nce6 32. Bb3 Nxg5 33. Rfe3 Nge6 34. Bxe6 Nxe6 35. Nc2 Qc4 36. R3e2 exd4 37. Nxd4 Bxd4 38. cxd4 Rxd4 39. Bc3 Rh4 40. Rxe6 fxe6 41. Qe5 Rh7 42. Qg3 Qh4 43. Qxg6+ Kf8 1/2-1/2

[Event "IECG CP.2002.Q.00012 email"]
[Site "IECG email"]
[Date "2003.10.01"]
[Round "?"]
[White "Molenhuis, Ties"]
[Black "Freeman, Ashley"]
[Result "1-0"]
[WhiteElo "2003"]
[BlackElo "1859"]
[PlyCount "95"]
[EventDate "2003.10.01"]
[EventType "tourn (corr)"]
[EventRounds "10"]
[SourceTitle "Corr 2008"]
[Source "ChessBase"]
[SourceDate "2008.06.24"]
[SourceVersion "1"]
[SourceVersionDate "2008.06.24"]
[SourceQuality "1"]

1. e4 e5 2. Nf3 Nc6 3. Bb5 a6 4. Ba4 Nf6 5. 0-0 Be7 6. Re1 b5 7. Bb3 0-0 8. c3 d5 9. exd5 Nxd5 10. Nxe5 Nxe5 11. Rxe5 c6 12. Re1 Bd6 13. d3 Qh4 14. g3 Qh3 15. Re4 Qd7 16. Nd2 Bb7 17. Re1 c5 18. Ne4 Qc6 19. Qh5 c4 20. dxc4 bxc4 21. Bxc4 Nb6 22. Bb3 Rae8 23. f3 Re5 24. Qh4 Nd5 25. Bd2 Bc7 26. c4 Bb6+ 27. Kh1 Ne7 28. Bc3 Ng6 29. Qh3 Rxe4 30. Rxe4 Bc5 31. Rae1 f5 32. R4e3 f4 33. Re4 fxg3 34. Qxg3 Qd7 35. Bc2 Qf7 36. Qg4 Bc6 37. Rf1 Qb7 38. b4 Ba7 39. c5 Bb8 40. Re3 Bf4 41. Re6 Bh6 42. Bb3 Kh8 43. Qh3 Bxf3+ 44. Kg1 Bg5 45. Qg3 Bh6 46. Rf2 Nf4 47. Rb6 Qe7 48. Qxf3 1-0

[Event "IECG CP.2002.Q.00012 email"]
[Site "IECG email"]
[Date "2003.10.01"]
[Round "?"]
[White "Molenhuis, Ties"]
[Black "Lakatos, Stefan"]
[Result "0-1"]
[WhiteElo "2003"]
[BlackElo "2290"]
[PlyCount "66"]
[EventDate "2003.10.01"]
[EventType "tourn (corr)"]
[EventRounds "10"]
[SourceTitle "Corr 2008"]
[Source "ChessBase"]
[SourceDate "2008.06.24"]
[SourceVersion "1"]
[SourceVersionDate "2008.06.24"]
[SourceQuality "1"]

1. d4 Nf6 2. c4 g6 3. Nf3 Bg7 4. Nc3 0-0 5. e4 d6 6. Be2 e5 7. 0-0 Nc6 8. d5 Ne7 9. b4 Nh5 10. Re1 f5 11. Ng5 Nf6 12. f3 Kh8 13. Be3 Ne8 14. Rc1 h6 15. Ne6 Bxe6 16. dxe6 Qc8 17. c5 Qxe6 18. Nd5 Nxd5 19. exd5 Qf7 20. c6 b6 21. b5 Nf6 22. Bc4 e4 23. Bd4 Rae8 24. f4 g5 25. fxg5 hxg5 26. Re3 Ng4 27. Rh3+ Kg8 28. Ra3 e3 29. Rc2 Bxd4 30. Qxd4 Re4 31. Qd1 Qh7 32. h3 Nf2 33. Qe1 Qh4 0-1

[Event "IECG CP.2002.Q.00012 email"]
[Site "IECG email"]
[Date "2003.10.01"]
[Round "?"]
[White "Molenhuis, Ties"]
[Black "Tinture, Laurent"]
[Result "1/2-1/2"]
[WhiteElo "2003"]
[BlackElo "2282"]
[PlyCount "53"]
[EventDate "2003.10.01"]
[EventType "tourn (corr)"]
[EventRounds "10"]
[SourceTitle "Corr 2008"]
[Source "ChessBase"]
[SourceDate "2008.06.24"]
[SourceVersion "1"]
[SourceVersionDate "2008.06.24"]
[SourceQuality "1"]

1. d4 Nf6 2. c4 c5 3. d5 e6 4. Nc3 exd5 5. cxd5 d6 6. e4 g6 7. f4 Bg7 8. Bb5+ Nfd7 9. a4 a6 10. Be2 Qh4+ 11. g3 Qe7 12. Nf3 0-0 13. 0-0 Nf6 14. e5 Ne8 15. Re1 Bg4 16. Nd2 Bh3 17. Bf3 dxe5 18. Nde4 Nd6 19. Be3 Nd7 20. Nxd6 Qxd6 21. Ne4 Qb6 22. fxe5 Qxb2 23. Rb1 Qa3 24. Ra1 Qb4 25. Rb1 Qa3 26. Ra1 Qb2 27. Rb1 1/2-1/2

[Event "IECG TE.2002.P.01111 email"]
[Site "IECG email"]
[Date "2002.12.30"]
[Round "?"]
[White "Molenhuis, Ties"]
[Black "Kent, Kevin"]
[Result "1-0"]
[WhiteElo "2002"]
[BlackElo "1649"]
[PlyCount "43"]
[EventDate "2002.12.30"]
[EventType "tourn (corr)"]
[EventRounds "12"]
[SourceTitle "Corr 2008"]
[Source "ChessBase"]
[SourceDate "2008.06.24"]
[SourceVersion "1"]
[SourceVersionDate "2008.06.24"]
[SourceQuality "1"]

1. d4 Nf6 2. c4 c5 3. d5 e6 4. Nc3 exd5 5. cxd5 d6 6. e4 g6 7. f4 Bg7 8. Bb5+ Bd7 9. e5 Ng8 10. Nf3 Bxb5 11. Nxb5 Qa5+ 12. Nc3 Nd7 13. 0-0 dxe5 14. fxe5 Ne7 15. Qe2 Nf5 16. Bf4 Nd4 17. Qd1 Qb4 18. Rf2 0-0 19. a3 Qc4 20. Nd2 Ne2+ 21. Qxe2 Qxf4 22. Rxf4 1-0

[Event "IECG CB.2002.0.00058 email"]
[Site "IECG email"]
[Date "2002.10.13"]
[Round "?"]
[White "Molenhuis, Ties"]
[Black "Sherwood, Russell"]
[Result "1-0"]
[WhiteElo "1993"]
[BlackElo "1822"]
[PlyCount "75"]
[EventDate "2002.10.13"]
[EventType "tourn (corr)"]
[EventRounds "6"]
[SourceTitle "Corr 2008"]
[Source "ChessBase"]
[SourceDate "2008.06.24"]
[SourceVersion "1"]
[SourceVersionDate "2008.06.24"]
[SourceQuality "1"]

1. e4 c5 2. Nf3 d6 3. d4 cxd4 4. Nxd4 Nf6 5. Nc3 a6 6. Be3 e6 7. g4 h6 8. f4 e5 9. Nf5 h5 10. g5 Nxe4 11. Nxe4 Bxf5 12. Bg2 Nc6 13. Qd2 Be6 14. Nc3 Qa5 15. 0-0 Rc8 16. f5 Bd7 17. Qf2 Be7 18. Nd5 Bd8 19. a4 Nb4 20. f6 Rg8 21. fxg7 Be6 22. Nf6+ Bxf6 23. Bb6 Rxc2 24. Bxa5 Rxf2 25. Kxf2 Nd3+ 26. Ke2 Bxg5 27. Kxd3 d5 28. Bc3 f6 29. Rae1 Kd7 30. Bxe5 fxe5 31. Rxe5 Rxg7 32. Bxd5 Kd6 33. Rxe6+ Kxd5 34. Re4 Kc6 35. h4 Bd8 36. Rf5 Rh7 37. b4 b6 38. Rc4+ 1-0

[Event "IECG CB.2002.0.00058 email"]
[Site "IECG email"]
[Date "2002.10.13"]
[Round "1"]
[White "Molenhuis, Ties"]
[Black "Thorwesten, Andreas"]
[Result "1/2-1/2"]
[WhiteElo "1993"]
[BlackElo "1800"]
[PlyCount "98"]
[EventDate "2002.10.13"]
[EventType "tourn (corr)"]
[EventRounds "6"]
[SourceTitle "Corr 2024"]
[Source "ChessBase"]
[SourceDate "2023.10.19"]
[SourceVersion "1"]
[SourceVersionDate "2023.10.19"]
[SourceQuality "1"]

1. e4 c6 2. d4 d5 3. Nc3 dxe4 4. Nxe4 Nd7 5. Ng5 Ngf6 6. Bd3 e6 7. N1f3 Bd6 8. Qe2 h6 9. Ne4 Nxe4 10. Qxe4 Nf6 11. Qe2 Qc7 12. Bd2 b6 13. 0-0-0 Bb7 14. Ne5 0-0-0 15. f4 c5 16. dxc5 Bxc5 17. Kb1 Kb8 18. Rhf1 Rd5 19. g4 Rhd8 20. Rfe1 g6 21. h3 Bf8 22. c4 Rd4 23. Ka1 Be4 24. Bc3 Bxd3 25. Nxd3 Re4 26. Qf1 Rxe1 27. Qxe1 Qxc4 28. Qe5+ Kc8 29. Qxf6 Rxd3 30. Rc1 Qc7 31. Kb1 Bc5 32. b4 Be7 33. Qg7 Kb7 34. Be5 Qd8 35. Qxf7 Ka6 36. Qxe6 Bxb4 37. Qc4+ Ka5 38. h4 Qd7 39. Qc7 Kb5 40. Qxd7+ Rxd7 41. Rf1 Rd3 42. f5 gxf5 43. gxf5 Bf8 44. f6 Re3 45. Bb2 Re4 46. h5 Rh4 47. Rf5+ Kc4 48. Kc2 Rh2+ 49. Kc1 Rh1+ 1/2-1/2

[Event "IECG CP.2002.P.00002 email"]
[Site "IECG email"]
[Date "2002.10.01"]
[Round "?"]
[White "Hucks, Lewis A"]
[Black "Molenhuis, Ties"]
[Result "0-1"]
[WhiteElo "1605"]
[BlackElo "1993"]
[PlyCount "38"]
[EventDate "2002.10.01"]
[EventType "tourn (corr)"]
[EventRounds "6"]
[EventCountry "NED"]
[SourceTitle "Corr 2008"]
[Source "ChessBase"]
[SourceDate "2008.06.24"]
[SourceVersion "1"]
[SourceVersionDate "2008.06.24"]
[SourceQuality "1"]

1. e4 e5 2. Nf3 Nf6 3. Bb5 c6 4. Be2 Nxe4 5. 0-0 d6 6. d4 exd4 7. Qxd4 Nc5 8. Re1 Ne6 9. Bd3 Be7 10. Qe4 Nd7 11. Nc3 Ndc5 12. Qe2 0-0 13. Be3 Nxd3 14. Qxd3 Bf6 15. Rad1 d5 16. Rd2 Qc7 17. Rde2 b6 18. Nd4 Bxd4 19. Bxd4 Nf4 0-1

[Event "IECG TE.2002.P.01015 email"]
[Site "IECG email"]
[Date "2002.03.28"]
[Round "?"]
[White "Certoux, Jean Marie"]
[Black "Molenhuis, Ties"]
[Result "0-1"]
[WhiteElo "1358"]
[BlackElo "2005"]
[PlyCount "60"]
[EventDate "2002.03.28"]
[EventType "tourn (corr)"]
[EventRounds "12"]
[SourceTitle "Corr 2008"]
[Source "ChessBase"]
[SourceDate "2008.06.24"]
[SourceVersion "1"]
[SourceVersionDate "2008.06.24"]
[SourceQuality "1"]

1. e4 e5 2. Nf3 Nc6 3. Bb5 Bc5 4. c3 Nf6 5. d4 Bb6 6. Bxc6 dxc6 7. Nxe5 0-0 8. 0-0 Nxe4 9. Re1 Nd6 10. Bf4 Be6 11. Nd2 c5 12. dxc5 Bxc5 13. Qf3 Re8 14. Ne4 Bd5 15. Nf6+ gxf6 16. Qxd5 fxe5 17. Bxe5 Bb6 18. Bd4 Bxd4 19. Qxd4 Qg5 20. h3 h6 21. Rad1 a6 22. Kh2 Rad8 23. f4 Qh4 24. g3 Qh5 25. Re5 Rxe5 26. fxe5 Qe2+ 27. Kg1 f6 28. exf6 Nf7 29. Qg4+ Qxg4 30. hxg4 Rxd1+ 0-1

[Event "IECG TE.2002.P.01015 email"]
[Site "IECG email"]
[Date "2002.03.28"]
[Round "?"]
[White "Wood, Brian B"]
[Black "Molenhuis, Ties"]
[Result "0-1"]
[WhiteElo "888"]
[BlackElo "2005"]
[PlyCount "64"]
[EventDate "2002.03.28"]
[EventType "tourn (corr)"]
[EventRounds "12"]
[SourceTitle "Corr 2008"]
[Source "ChessBase"]
[SourceDate "2008.06.24"]
[SourceVersion "1"]
[SourceVersionDate "2008.06.24"]
[SourceQuality "1"]

1. e4 e5 2. Nf3 Nc6 3. Bb5 Bc5 4. c3 Nf6 5. d3 Qe7 6. Bg5 Bxf2+ 7. Kxf2 Qc5+ 8. Ke2 Qxb5 9. Qb3 Qxb3 10. axb3 Nh5 11. Na3 f6 12. Be3 Kd8 13. b4 Ne7 14. Nb5 a6 15. g4 Nf4+ 16. Bxf4 exf4 17. Nbd4 d5 18. g5 dxe4 19. dxe4 c6 20. gxf6 gxf6 21. Rhg1 Ng6 22. Rad1 Kc7 23. Kd3 Bh3 24. Kc2 Rae8 25. Rde1 Re7 26. Nf5 Rxe4 27. Ng7 Rxe1 28. Rxe1 Kb8 29. Re8+ Rxe8 30. Nxe8 Ne5 31. Nxe5 fxe5 32. Nf6 f3 0-1

[Event "IECG CA.2002.0.00077 email"]
[Site "IECG email"]
[Date "2002.??.??"]
[Round "?"]
[White "Molenhuis, Ties"]
[Black "Wolff, Christoph"]
[Result "1/2-1/2"]
[WhiteElo "2002"]
[BlackElo "2143"]
[PlyCount "50"]
[EventDate "2002.12.05"]
[EventType "tourn (corr)"]
[EventRounds "6"]
[SourceTitle "Corr 2008"]
[Source "ChessBase"]
[SourceDate "2008.06.24"]
[SourceVersion "1"]
[SourceVersionDate "2008.06.24"]
[SourceQuality "1"]

1. d4 d5 2. c4 c6 3. Nf3 Nf6 4. Nc3 e6 5. e3 Nbd7 6. Bd3 dxc4 7. Bxc4 b5 8. Bd3 Bb7 9. 0-0 a6 10. e4 c5 11. d5 Qc7 12. Bc2 c4 13. dxe6 fxe6 14. Nd4 Nc5 15. Be3 Rd8 16. Qe2 e5 17. Nf3 Be7 18. a4 Ncxe4 19. Nxe4 Nxe4 20. axb5 axb5 21. Ra7 Nf6 22. b3 Ra8 23. Nxe5 Rxa7 24. Bxa7 0-0 25. bxc4 Bd6 1/2-1/2

[Event "IECG CC.2001.0.00017 email"]
[Site "IECG email"]
[Date "2001.11.22"]
[Round "?"]
[White "Ventimiglia, Chuck"]
[Black "Molenhuis, Ties"]
[Result "1-0"]
[WhiteElo "1790"]
[BlackElo "1600"]
[PlyCount "77"]
[EventDate "2001.11.22"]
[EventType "tourn (corr)"]
[EventRounds "6"]
[SourceTitle "Corr 2024"]
[Source "ChessBase"]
[SourceDate "2023.10.19"]
[SourceVersion "1"]
[SourceVersionDate "2023.10.19"]
[SourceQuality "1"]

1. e4 e5 2. f4 exf4 3. Nf3 g5 4. Bc4 g4 5. 0-0 gxf3 6. Qxf3 Qf6 7. e5 Qxe5 8. Bxf7+ Kxf7 9. d4 Qf5 10. Bxf4 Nf6 11. Qe2 Qe6 12. Be5 Bg7 13. Nc3 Rf8 14. Nd5 Qxd5 15. Bxf6 Bxf6 16. Rxf6+ Kxf6 17. Rf1+ Kg7 18. Qg4+ Kh6 19. Rxf8 Qg5 20. Qh3+ Kg7 21. Rf3 Kh8 22. Rf8+ Kg7 23. Rf3 Na6 24. Rg3 Qxg3 25. Qxg3+ Kf7 26. Qf4+ Kg7 27. Qe5+ Kf7 28. h4 Rb8 29. Qh8 d5 30. Qxh7+ Ke6 31. Qg6+ Ke7 32. Qg5+ Kd6 33. Qe5+ Kc6 34. h5 Nb4 35. h6 b6 36. Qe8+ Kb7 37. h7 Bf5 38. Qxb8+ Kxb8 39. h8Q+ 1-0